| 000 | 01093nam a22003610a 4500 | ||
|---|---|---|---|
| 001 | PT57866 | ||
| 003 | AR-LpoUNG | ||
| 005 | 20210201010453.0 | ||
| 008 | 201001s2005||||ag |||||||||||||||||spa d | ||
| 020 |
_a9872136025 _c$4 |
||
| 040 |
_aAR-LpoUNG _bspa _eaacr |
||
| 041 | _aspa | ||
| 044 | _aag | ||
| 082 | 0 | _a334.01 691man | |
| 245 | 1 | 0 |
_aPlan Nacional de Desarrollo Local y Economía Social : _bmanos a la obra : 2005 |
| 260 |
_aBuenos Aires : _bMinisterio de Desarrollo Social, _c2005. |
||
| 300 |
_a54 p. : _btbls., gráfs. _3Impreso |
||
| 490 | 0 |
_aDocumento institucional : cuaderno ; _vno.2 |
|
| 650 | 4 | _aARGENTINA | |
| 650 | 4 | _aDESARROLLO ECONOMICO | |
| 650 | 4 | _aECONOMIA | |
| 650 | 4 | _aPLANES DE DESARROLLO | |
| 650 | 4 | _aPLANES NACIONALES | |
| 650 | 4 | _aPLANO NACIONAL | |
| 650 | 4 | _aPOLITICA ECONOMICA | |
| 650 | 4 | _aPOLITICA SOCIAL | |
| 650 | 4 | _aPRODUCCION | |
| 651 | 4 | _aArgentina | |
| 653 | _aECONOMIA SOCIAL | ||
| 710 | 2 | _aArgentina. Ministerio de Desarrollo Social. Secretaría de Políticas Sociales y Desarrollo Humano | |
| 905 | _a57866 | ||
| 942 | _cLIB | ||
| 999 |
_c51457 _d51457 |
||